| 000 | 00382cam a2200169ua 4500 | ||
|---|---|---|---|
| 020 | _c0.75 | ||
| 041 |
_amal _h |
||
| 082 |
_a894.81280355 _bGEO/TA |
||
| 100 | _aGeorge, Nellayi . | ||
| 245 | _aTaj muthal Rajghat vare | ||
| 260 |
_aKodungallur : _bKerala Book House , _c1962. |
||
| 300 | _a64 ; . | ||
| 365 | _a0.75 | ||
| 504 | _a | ||
| 942 | _cBK | ||
| 999 |
_c4325 _d4325 |
||